Fundamentals of statistical and thermal physics/ (Record no. 8645)

MARC details
000 -LEADER
fixed length control field 00587nam a22002057a 4500
003 - CONTROL NUMBER IDENTIFIER
control field OSt
005 - DATE AND TIME OF LATEST TRANSACTION
control field 20240619105319.0
008 - FIXED-LENGTH DATA ELEMENTS--GENERAL INFORMATION
fixed length control field 240619b |||||||| |||| 00| 0 eng d
020 ## - INTERNATIONAL STANDARD BOOK NUMBER
International Standard Book Number 007085615
040 ## - CATALOGING SOURCE
Transcribing agency must
082 ## - DEWEY DECIMAL CLASSIFICATION NUMBER
Classification number 530 REL 1995
100 ## - MAIN ENTRY--PERSONAL NAME
Personal name Reif, Frederick.
9 (RLIN) 17499
245 ## - TITLE STATEMENT
Title Fundamentals of statistical and thermal physics/
Statement of responsibility, etc. Federick Reif.
260 ## - PUBLICATION, DISTRIBUTION, ETC. (IMPRINT)
Place of publication, distribution, etc. Auckland:
Name of publisher, distributor, etc. Mc Grawhill;
Date of publication, distribution, etc. c1995.
300 ## - PHYSICAL DESCRIPTION
Extent x,651p.:
Other physical details ill;
Dimensions 21cm.
440 ## - SERIES STATEMENT/ADDED ENTRY--TITLE
Title International physics series
9 (RLIN) 17500
504 ## - BIBLIOGRAPHY, ETC. NOTE
Bibliography, etc Includes bibliography and index
600 ## - SUBJECT ADDED ENTRY--PERSONAL NAME
Source of heading or term physics
942 ## - ADDED ENTRY ELEMENTS (KOHA)
Source of classification or shelving scheme Dewey Decimal Classification
Koha item type Open Shelf
Holdings
Withdrawn status Lost status Source of classification or shelving scheme Damaged status Not for loan Home library Current library Date acquired Source of acquisition Inventory number Total Checkouts Full call number Barcode Date last seen Price effective from Koha item type
    Other/Generic Classification Scheme     MUST Main Library MUST Main Library 19/06/2024 purchase 08/31016   530 REL 1995 2024-20896 19/06/2024 19/06/2024 Open Shelf